| 000 | 00430nam a22001457a 4500 | ||
|---|---|---|---|
| 020 | _a052133943X | ||
| 040 | _cNUST | ||
| 082 |
_a530.11 _bHUG |
||
| 100 |
_aHughston, L. P. _9125434 |
||
| 110 |
_aTod, K. P. _9125435 |
||
| 245 |
_aAn Introduction to General Relativity: _bLondon Mathematical Society Student Texts 5 |
||
| 260 |
_aNew York: _bCambridge University Press, _c2000. |
||
| 650 |
_aRelativity _98501 |
||
| 942 |
_2ddc _cBK |
||
| 999 |
_c611187 _d611187 |
||